India, Pakistan, China, and the contemporary world (Record no. 1078278)

MARC details
000 -LEADER
fixed length control field 00661nam a2200253Ia 4500
003 - CONTROL NUMBER IDENTIFIER
control field OSt
005 - DATE AND TIME OF LATEST TRANSACTION
control field 20221006143844.0
008 - FIXED-LENGTH DATA ELEMENTS--GENERAL INFORMATION
fixed length control field 221006b |||||||| |||| 00| 0 eng d
037 ## - SOURCE OF ACQUISITION
Terms of availability Textual
040 ## - CATALOGING SOURCE
Original cataloging agency EASL
Transcribing agency EASL
Language of cataloging eng
041 ## - LANGUAGE CODE
Source of code eng
Language code of text/sound track or separate title eng
100 ## - MAIN ENTRY--PERSONAL NAME
Personal name SHARMA P K
245 #0 - TITLE STATEMENT
Title India, Pakistan, China, and the contemporary world
260 ## - PUBLICATION, DISTRIBUTION, ETC.
Place of publication, distribution, etc. Delhi
Name of publisher, distributor, etc. National Publishing House India
Date of publication, distribution, etc. 1972
300 ## - PHYSICAL DESCRIPTION
Extent 213p.
Dimensions cm.
490 ## - SERIES STATEMENT
Volume/sequential designation Oth
942 ## - ADDED ENTRY ELEMENTS (KOHA)
Classification part W.2.N7, L2
Koha item type Textual
Source of classification or shelving scheme Colon Classification (CC)

No items available.

Copyright @ Delhi University Library System